• 首页
  • 本馆介绍
  • 公告通知
  • 最新文献
  • 馆藏检索
  • 电子资源
  • 读者导购
  • 参考咨询
  • 我的图书馆
  • 登录
  • 详细信息显示
  • 放入我的书架
  • 预约/预借图书
  • 作者相关作品
  • 分类相关作品
  • 丛书相关作品
  • 出版社相关作品

书目信息

  • 表格格式
  • 工作单格式
  • 卡片格式
题名:
公共政策
    
 
作者: 汪玉凯 主编
分册:  
出版信息: 北京   中国人事出版社  2008.07
页数: 185页
开本: 23cm
丛书名:
单 册:
中图分类: D0
科图分类:
主题词: 政策学--干部教育--教材 , 政策学
电子资源:
ISBN: 978-7-80189-359-8
000 00779nam0 2200253 450
001 003565519
005 20071011155309.0
010    @a978-7-80189-359-8@dCNY25.00@z7-80189-359-X
100    @a20100913d2008 em y0chiy0110 ea
101 0  @achi
102    @aCN@b110000
105    @ay z 000yy
200 1  @a公共政策@Agong gong zheng ce@f汪玉凯主编
205    @a2版
210    @a北京@c中国人事出版社@d2008.07
215    @a185页@d23cm
300    @a公务员公共管理核心内容培训用书
330    @a本书全面介绍了公共政策概论、公共政策系统、公共政策制定、公共政策执行、公共政策终结、公共政策监控等内容。
606 0  @a政策学@x干部教育@j教材
606 0  @a政策学
690    @aD0@v5
701  0 @a汪玉凯@Awang yu kai@f(1946~)@4主编
905    @aBZT@dD0@e44
906    @dCNY25.00@n0@r1
    
    公共政策/汪玉凯主编.-2版.-北京:中国人事出版社,2008.07
    185页;23cm
    公务员公共管理核心内容培训用书
    
    ISBN 978-7-80189-359-8:CNY25.00
    本书全面介绍了公共政策概论、公共政策系统、公共政策制定、公共政策执行、公共政策终结、公共政策监控等内容。
●
相关链接 在五车中查询图书 在当当中查询图书 在豆瓣中查询图书


正题名:公共政策     索取号:D0/44         预约/预借

序号 登录号 条形码 馆藏地/架位号 状态 备注
1 761558   2000761558   中心书库南/010架B面4层1列/ [索取号:D0/44] 在馆    
2 761559   2000761559   中心书库南/010架B面4层1列/ [索取号:D0/44] 在馆    
3 761560   2000761560   中心书库南/010架B面4层1列/ [索取号:D0/44] 在馆    
4 761561   2000761561   中心书库南/010架B面4层1列/ [索取号:D0/44] 在馆    
5 761562   2000761562   中心书库南/010架B面4层1列/ [索取号:D0/44] 在馆    
6 761563   2000761563   中心书库南/010架B面4层1列/ [索取号:D0/44] 在馆    
7 761564   2000761564   中心书库南/010架B面4层1列/ [索取号:D0/44] 在馆    
8 761565   2000761565   中心书库南/010架B面4层1列/ [索取号:D0/44] 在馆    
9 761566   2000761566   中心书库南/010架B面4层1列/ [索取号:D0/44] 在馆    
10 761567   2000761567   中心书库南/010架B面4层1列/ [索取号:D0/44] 在馆    
11 777324   2000777324   中心书库南/010架B面4层1列/ [索取号:D0/44] 在馆    
12 777325   2000777325   中心书库南/010架B面4层1列/ [索取号:D0/44] 在馆    
13 777326   2000777326   中心书库南/010架B面4层1列/ [索取号:D0/44] 在馆    
14 777327   2000777327   中心书库南/010架B面4层1列/ [索取号:D0/44] 在馆    
15 777328   2000777328   中心书库南/010架B面4层1列/ [索取号:D0/44] 在馆    
16 777329   2000777329   中心书库南/010架B面4层1列/ [索取号:D0/44] 在馆    
17 777330   2000777330   中心书库南/010架B面4层1列/ [索取号:D0/44] 在馆    
山东省滨州职业学院图书馆 欢迎您!
大连网信软件有限公司© 版权所有